The red badge of courage / (Record no. 3590)

MARC details
000 -LEADER
fixed length control field 01187nam a22002417a 4500
001 - CONTROL NUMBER
control field 3590
003 - CONTROL NUMBER IDENTIFIER
control field FISKH
005 - DATE AND TIME OF LATEST TRANSACTION
control field 20240321145225.0
008 - FIXED-LENGTH DATA ELEMENTS--GENERAL INFORMATION
fixed length control field 240321b cb ||||| |||| 00| 0 eng d
040 ## - CATALOGING SOURCE
Original cataloging agency FISK
Language of cataloging eng
Transcribing agency FISK
Modifying agency FISK
050 ## - LIBRARY OF CONGRESS CALL NUMBER
Classification number PS1449.C85
082 ## - DEWEY DECIMAL CLASSIFICATION NUMBER
Classification number 813.4
100 ## - MAIN ENTRY--PERSONAL NAME
Personal name Crane Stephen
Dates associated with a name 1871-1900
245 ## - TITLE STATEMENT
Title The red badge of courage /
Statement of responsibility, etc. Stephen Crane
260 ## - PUBLICATION, DISTRIBUTION, ETC.
Place of publication, distribution, etc. London :
Name of publisher, distributor, etc. British Library,
Date of publication, distribution, etc. 2011
300 ## - PHYSICAL DESCRIPTION
Extent 188 pages :
Dimensions 18 cm
505 ## - FORMATTED CONTENTS NOTE
Formatted contents note Q
520 ## - SUMMARY, ETC.
Summary, etc. Classic Literature. Fiction.<br/><br/>Hailed as one of American literature's most influential works, The Red Badge of Courage has a young recruit facing the trials and cruelties of war. Stephen Crane's 1895 novel is set in the American Civil War. Private Henry Fleming flees from battle and his battalion, considering all lost. Stumbling upon injured soldiers, he feels the shame of deserting and of not possessing the "red badge of courage", the wounds of war. But later when Henry rejoins his regiment and is ordered into a hopeless battle, he finds a chance to finally prove his courage as a man.
521 8# - TARGET AUDIENCE NOTE
Target audience note 900
Source Lexile
700 ## - ADDED ENTRY--PERSONAL NAME
Personal name Stephen Crane
942 ## - ADDED ENTRY ELEMENTS (KOHA)
Source of classification or shelving scheme Dewey Decimal Classification
Koha item type Books
Suppress in OPAC No
Holdings
Withdrawn status Lost status Source of classification or shelving scheme Damaged status Not for loan Collection Home library Current library Shelving location Date acquired Total Checkouts Full call number Barcode Date last seen Copy number Price effective from Koha item type
    Dewey Decimal Classification     Fiction Footprints International School Library Network Toul Kork Campus Footprints International School Library Network Toul Kork Campus TTP Secondary Fiction Bookshelves 03/21/2024   CRA PS1449.C85 813.4 2024-0386 03/21/2024 1 03/21/2024 Books